Meno školy ako značka
Ak chce vedenie školy získať tých najlepších študentov, zamestnať kvalitných pedagógov, ak chce, aby škola mala pozitívny imidž v očiach verejnosti, musí budovať povesť školy, jej imidž a dobré meno na podobných základoch a podobnými nástrojmi ako sa buduje povesť a imidž iných značiek. V príspevk...
Na minha lista:
| Autor principal: | |
|---|---|
| Formato: | Capítulo de Livro |
| Idioma: | eslovaco |
| Assuntos: | |
| Tags: |
Sem tags, seja o primeiro a adicionar uma tag!
|
MARC
| LEADER | 00000nla a2200000 4500 | ||
|---|---|---|---|
| 001 | 0230474 | ||
| 005 | 20240417075118.9 | ||
| 041 | 0 | |a slo | |
| 044 | |a SK | ||
| 245 | 1 | 0 | |a Meno školy ako značka |c Slávka Gracová |
| 520 | |a Ak chce vedenie školy získať tých najlepších študentov, zamestnať kvalitných pedagógov, ak chce, aby škola mala pozitívny imidž v očiach verejnosti, musí budovať povesť školy, jej imidž a dobré meno na podobných základoch a podobnými nástrojmi ako sa buduje povesť a imidž iných značiek. V príspevku sa autorka venuje problematike značky, prvkom, ktoré ju tvoria a všetky všeobecné informácie následne aplikuje na univerzitu, konkrétne na Fakultu masmediálnej komunikácie Univerzity sv. Cyrila a Metoda v Trnave. | ||
| 610 | 2 | 0 | |a školy vysoké |
| 610 | 2 | 0 | |a univerzity |
| 610 | 2 | 0 | |a imidž |
| 610 | 2 | 0 | |a značky |
| 610 | 2 | 0 | |a značky kvality |
| 100 | 1 | |a Gracová, Slávka | |